00693nam a2200241 a 4500001001300000003000900013005001700022008004100039020001000080082001700090100001600107245002000123260003400143300000800177500003500185505004100220650002700261700001600288902000800304942000700312952011700319999001500436nice12345678IN_TiNIC20260116011539.0050524s1985 laha grp 000 0 urd  ac10000a297.293bWAL aWaliullah,  aTasdeequl Masih aLahorebMatba Mohammadic1985 a33p aincludes index and biblioraphy2 a12 Volumes in Bounded in Six Volumes aIslam-Apologetic Works1 aWaliullah,  bSRS cBK 001040708StackRoom-aHMIbHMId2007-07-26g100.00l0o297.293 WALp04655r2007-07-26v100.00w2005-05-24yBK c2520d2520